[Event "SaitekSparc_Risc2500off"]
[Site "Zürich"]
[Date "2019.03.27"]
[Round "16"]
[White "Saitek Risc 2500 offensiv"]
[Black "Saitek Sparc"]
[Result "1-0"]
[WhiteElo "2247"]
[BlackElo "2254"]
[Annotator "KUT"]
[PlyCount "76"]
[EventDate "2019.??.??"]

1. d4 d5 {Vergleichsmatch 120'/40 der Spiel-Stile des Saitek Risc 2500 gegen
den Saitek Sparc | 16. Partie | offensiv=-Sieg, normal=Sieg, aktiv=Niederlage
| Zwischenstand nach 16 Partien: offensiv=7,5 Pkt. (46%), normal=7,0 Pkt. (43%)
, aktiv=9,5 Pkt. (59%) | Unter gütiger Mithilfe von Weiss sichert sich der
Saitek Sparc leichte Vorteile im Mittelspiel. Dann verliert Schwarz jedoch den
Faden. Und nach einem falschen Rückzug seines Springers nach e8 erliegt der
Saitek Sparc einem hübschen Angriffswirbel des Risc2500off gegen den
schwarzen König.} 2. c4 e6 3. Nc3 c6 4. Nf3 Nf6 5. e3 Nbd7 6. Bd3 Bb4 7. O-O
O-O 8. a3 Ba5 9. b4 Bc7 {Ende Buch} 10. e4 {Ende Buch} dxc4 11. Bxc4 {Die
Stellung ist ausgeglichen.} a5 (11... e5 12. Be3 Ng4 13. Bg5 Ndf6 14. d5 cxd5
15. Bxd5 h6 16. Bh4 g5 17. Bg3 Nh5 18. Rc1 Nxg3 19. hxg3 Qe7 20. Qc2 Rd8 21.
Bb3 Nf6 22. Nd5 Nxd5 23. exd5 Bd6 24. Rfe1 a5 25. Qc3 axb4 26. axb4 e4 27. Qc2
Bf5 28. Nd4 Bh7 29. b5 e3 30. Qc4 exf2+ 31. Kxf2 Qf6+ 32. Nf3 Ba3 33. Rc3 Qb6+
34. Ree3 Rdc8 35. Qxc8+ Rxc8 36. Rxc8+ Kg7 37. Nd2 Bc5 38. Rxc5 Qxc5 39. g4 Bd3
40. Nf3 Bxb5 41. Nd2 Qd4 42. Nf3 Qxg4 43. Kg1 Qf4 44. Re7 Qc1+ 45. Kh2 Qc3 46.
Ba2 Qc2 47. Rxb7 Bf1 48. Ne1 Qxa2 49. d6 Qd2 50. d7 Ba6 51. Rb2 Qxd7 52. Ra2 {
0-1 (52) Saitek Risc 2500 aktiv (2247)-Saitek Sparc (2254) Zürich 2019}) 12.
Bg5 h6 13. Be3 Nb6 {Ein typischer Computerzug: der Springer greift eine
Leichtfigur an, die sich jedoch auf ein gutes Feld zurückziehen kann,
während dann der Springer b6 schlecht steht, weil er die systemrelevanten
Bauernvorstösse e6-e5 und/oder c6-c5 nicht unterstützen kann.} 14. Bd3 (14.
Be2 Ng4 15. Qb3 Nxe3 16. fxe3 Qe7 17. bxa5 Rxa5 18. e5 Nd5 19. Ne4 b6 20. Nfd2
Ra7 21. Nc4 Ba6 22. a4 Bxc4 23. Bxc4 Rfa8 24. Bxd5 exd5 25. Nc3 b5 26. Ra2 b4
27. Ne2 Ba5 28. Nf4 Re8 29. Rc2 Qd7 30. Nd3 Rb8 31. Rf4 Bd8 32. Nc5 Qc8 33. e4
Bg5 34. Rff2 Qg4 35. Rce2 Bh4 36. Rf3 Be7 37. Nd3 Rba8 38. h3 Qh4 39. g3 Qxh3
40. exd5 cxd5 41. Qxd5 Qe6 42. Qxe6 fxe6 43. Nf4 Ra6 44. Rb2 Kh7 45. Kf2 Rd8
46. Ke3 Rf8 47. Rb3 g5 48. Nd3 Rxf3+ 49. Kxf3 Rxa4 50. Rb2 Ra3 51. Ke4 Kg6 52.
Rf2 Rc3 53. Nc5 Bxc5 54. Rf6+ Kg7 55. dxc5 Rxg3 56. Rxe6 Rc3 57. Kd4 h5 58. Rb6
Rb3 59. Rb7+ Kg6 60. e6 g4 61. c6 Rc3 62. c7 g3 63. e7 Kf7 64. Rb8 Kxe7 65.
c8=Q Rxc8 66. Rxc8 h4 67. Ke3 b3 68. Rb8 Ke6 69. Rxb3 Kf5 70. Kf3 Kf6 71. Rb4
Kg5 72. Rg4+ Kf5 73. Rxh4 Ke5 74. Kxg3 Kd6 75. Rh5 Kc6 76. Kf4 Kd6 77. Ke4 Kc6
78. Rd5 Kb6 79. Kd4 Kc6 80. Kc4 Kb6 {1-0 (80) Saitek Risc 2500 normal (2247)
-Saitek Sparc (2254) Zürich 2019}) 14... Ng4 15. bxa5 $6 {Nicht das Gelbe vom
Ei, und einzig die weisse Bauernstruktur schwächend.} Nxe3 16. fxe3 Rxa5 17.
Qb3 {Besser zu gefallen mag 17.e5, um das Feld e4 für eine weisse Figur
freizumachen und 17...Sd5 mit 18.Sxd5 = beantworten zu können.} e5 {Schwarz
steht bereits etwas besser.} 18. Qb4 Ra8 {Hier scheint 18...Sd7 noch stärker.}
19. Rab1 exd4 20. exd4 Re8 21. a4 Nd7 $6 {Unsachgemässe Rückentwicklung,
womit der leichte schwarze Vorteil zunichte gemacht wird. Nichts spricht gegen
den Entwicklungszug ...Le6.} 22. Bc4 Nf6 $6 {Den Vorzug verdienten entweder 22.
..De7 oder auch 22...Te7} 23. Qb3 {Damit übernimmt Weiss die Initiative.} Re7
$6 {In ...Le6 bestand eine deutlich bessere Verteidigung.} 24. e5 Ne8 $2 {
Der Springer hat keine guten Felder. Aber dieser Rückzug ist die
ungünstigste Wahl und ein taktischer Fehler, der die Partie verliert.} 25.
Bxf7+ {Eine kleine Überraschung.} Rxf7 26. Ng5 {Die logische Folge: der Tf8
ist plötzlich dreimal angegriffen.} hxg5 27. Qxf7+ {Weiss hat nur Turm+Bauer
gegen zwei leichte Figuren, aber einen tödlichen Angriff gegen die schwarze
Königsstellung.} Kh7 28. Kh1 $18 {Auch 28.Dh5 Kg8 29.Kh1 +- gewinnt} Bg4 29.
Qc4 {Bedeutend wirkungsvoller ist es natürlich, mit 29.Se4 den Springer in
den Angriff einzubeziehen. Eine Rettung für Schwarz ist allerdings auch nach
dem Textzug nicht in Sicht.} Qc8 30. Qd3+ {Stärkere Alternativen sind 20.Se4
oder 30.Tf8} Kh6 31. Rf8 g6 {erzwungen} 32. Ne4 b5 33. Nxg5 $1 {Hübsch, denn
33...Kxg5 34.Dd2+ und Weiss setzt rasch matt.} Bf5 34. Qe3 Kg7 35. Qb3 {
Erneut hübsch gespielt, weil Schwarz den Turm f8 wegen Df7 matt nicht nehmen
darf.} Nd6 {Nur so lässt sich das rasche Matt vermeiden.} 36. Rxc8 Rxc8 37.
exd6 Bxd6 38. Qf7+ Kh6 {Schwarz gab auf} 1-0

[Event "SaitekSparc_Risc2500off"]
[Site "Zürich"]
[Date "2019.03.28"]
[Round "17"]
[White "Saitek Sparc"]
[Black "Saitek Risc 2500 offensiv"]
[Result "1-0"]
[WhiteElo "2254"]
[BlackElo "2247"]
[Annotator "KUT"]
[PlyCount "96"]
[EventDate "2019.??.??"]

1. d4 Nf6 {Vergleichsmatch 120'/40 der Spiel-Stile des Saitek Risc 2500 gegen
den Saitek Sparc | 17. Partie | offensiv=Niederlage, normal=Niederlage,
aktiv=Niederlage | Zwischenstand nach 17 Partien: offensiv=7,5 Pkt. (44%),
normal=7,0 Pkt. (41%), aktiv=9,5 Pkt. (55%) | Nach dem 24. Zug von Weiss sind
beidseitig nur noch die Schwerfiguren und je ein Läufer bei diversen Bauern
auf dem Brett. Der unschuldige Zug 24...a6 des Risc2500off führt dann direkt
und auf hübsche Art und Weise, wenn auch etwas überraschend, direkt in den
Verlust. Der Saitek Sparc wählt eine nette Abwicklung, indem er einen Turm
hergibt gegen L+2B und hernach eine Stellung erhält, wo Schwarz hilflos in
den Seilen hängt.} 2. c4 e6 3. Nc3 Bb4 4. Qc2 d5 5. cxd5 exd5 6. Bg5 h6 7. Bh4
c5 8. dxc5 Nc6 9. e3 g5 10. Bg3 Ne4 11. Nf3 Qf6 12. Bb5 Nxc3 13. Bxc6+ Qxc6 14.
bxc3 Bxc5 {***ENDE BUCH***} 15. O-O {***ENDE BUCH***} Bd7 $6 {Eine
fragwürdige Neuerung statt kurz zu rochieren, was gefahrlos möglich war.} (
15... O-O 16. Nd4 Bxd4 17. exd4 Bd7 18. Rab1 Rfe8 19. Be5 Rac8 20. Rfe1 Qxc3
21. Qxc3 Rxc3 22. Rxb7 Bc8 23. Rbb1 Ra3 24. Ra1 f6 25. Bxf6 Rxe1+ 26. Rxe1 Rxa2
27. h4 g4 28. Re8+ Kf7 29. Rxc8 Kxf6 30. Rc6+ Kg7 31. Rc5 a5 32. Rxd5 a4 33.
Ra5 Kg6 34. Kh2 h5 35. d5 Kf6 36. Kg3 Ra3+ 37. Kf4 Ra2 38. Ra6+ Ke7 39. Kg5
Rxf2 40. g3 Rd2 41. Kxh5 Rd4 42. Kg6 Rd3 43. Rxa4 Rxg3 44. h5 Rf3 45. h6 g3 46.
Re4+ Kd6 47. h7 Rf8 48. Rg4 Kxd5 49. Rxg3 Re8 50. Kh6 Rh8 51. Rg8 Rxh7+ 52.
Kxh7 Ke5 53. Kh6 Kd4 54. Rd8+ Ke5 55. Kg5 Ke6 56. Kf4 Ke7 57. Rd5 Ke6 58. Rd2
Kf6 59. Re2 Kg6 60. Re6+ Kg7 {1-0 (60) Saitek Sparc (2254)-Saitek Risc 2500
normal (2247) Zürich 2019}) 16. Ne5 Qe6 {Einen Versuch wert war 16...Da4, um
sich allenfalls durch Damentausch zu entlasten.} 17. Nxd7 Qxd7 {Besser als 17..
.Kxd7, was der Spielstil aktiv gespielt hat.} (17... Kxd7 18. Rab1 b6 19. Rfd1
Kc6 20. c4 Rad8 21. cxd5+ Rxd5 22. Rxd5 Kxd5 23. Qd1+ Kc6 24. Qf3+ Qd5 25. Qf6+
Kb7 26. Qxh8 Qxa2 27. Ra1 Qe6 28. Qb8+ Kc6 29. Qxa7 Qb3 30. Qa8+ Kb5 31. Qe8+
Kb4 {1-0 (31) Saitek Sparc (2254)-Saitek Risc 2500 aktiv (2247) Zürich 2019})
18. Rfd1 Qe6 19. Rd2 O-O-O 20. Rad1 Rd7 21. Qa4 {Spürbar stärker ist 21.c4}
Rhd8 22. Rb2 h5 23. h3 {Sehr zahm und deshalb wirkungsvoller a) 23.h4 oder b)
23.Tb5} f6 {Hier macht 23...h4 einen besseren Eindruck.} 24. Rdb1 {Der
Zwischenzug 24.Tb5 und erst hernach Tdb1 verdient den Vorzug.} a6 $2 {Dass
sich Schwarz damit sein Grab schaufelt, weil Weiss eine gewinnbringende
Abwicklung zur Verfügung hat, ist alles andere als trivial.} 25. Qa5 $1 {
Ein wichtiger Zwischenzug, der den Lc5 und den Td8 angreift.} Qc6 26. Rxb7 $1 {
Dieser unerwartete Schlag ist nur möglich, weil entweder der schwarze Td8
oder der schwarze Lc5 nicht gedeckt bleiben können. Trotzdem ist es
erstaunlich, dass ein derart altes Schachprogramm wie der Saitek Sparc die
damit verbundene Abwicklung wählt.} Rxb7 27. Rxb7 Qxb7 28. Qxc5+ Kd7 29. Qd6+
Ke8 30. Qxf6 {Die ganze Abwicklung hat Weiss materiell nichts eingebracht.
Indessen sind nun die schwarzen Bauern äusserst anfällig. Aber am
wichtigsten ist der Umstand, dass die weissen Figuren, Dame+Läufer, optimal
zusammenarbeiten und zudem der schwarze König unsicher steht.} h4 {Die besten
Verteidigungschance bot 30...De7} 31. Be5 Qb1+ 32. Kh2 Qh7 33. Qxg5 $18 {
Und schon hat Weiss eine gewonnene Stellung.} Rc8 34. Bd4 Qc7+ 35. Kg1 Qb7 36.
Qf5 Rc4 37. Qe6+ Kf8 38. a3 Qb1+ 39. Kh2 Qb8+ 40. f4 Qb5 {Schwarz hat
interessanterweise keine Chance auf Gegenangriff.} 41. Qf6+ Ke8 42. Qxh4 {
Nun wird die weisse Bauernübermacht den Gegner erdrücken.} Rc6 43. Qh8+ Ke7
44. Qg7+ Ke8 45. f5 Qa5 46. Qg8+ Kd7 47. f6 Rc8 48. Qg4+ Kd8 {Schwarz gibt auf}
1-0

[Event "SaitekSparc_Risc2500off"]
[Site "Zürich"]
[Date "2019.03.29"]
[Round "18"]
[White "Saitek Risc 2500 offensiv"]
[Black "Saitek Sparc"]
[Result "1-0"]
[WhiteElo "2247"]
[BlackElo "2254"]
[Annotator "KUT"]
[PlyCount "128"]
[EventDate "2019.??.??"]

1. d4 Nf6 {Vergleichsmatch 120'/40 der Spiel-Stile des Saitek Risc 2500 gegen
den Saitek Sparc | 18. Partie | offensiv=Sieg, normal=Sieg, aktiv=Niederlage |
Zwischenstand nach 18 Partien: offensiv=8,5 Pkt. (47%), normal=8,0 Pkt. (44%),
aktiv=9,5 Pkt. (52%) | Das weisse Bauernopfer in der Eröffnungsphase erwies
sich als etwas spekulativ. Aber irgendwie gelingt es dem Saitek Sparc nicht,
die geringe weisse Kompensation zu neutralisieren. Im Gegenteil kommt Schwarz
ins Taumeln, und schliesslich ist es gar Weiss, der sich nicht nur eines
Mehrbauern rühmen kann, sondern dank optimaler Zusammenarbeit seiner Figuren
dem Gegner am Königsflügel an die Gurgel springt. Und gegen die geballte
Kraft von Dame und Turm findet auch der Saitek Sparc keine Verteidigung mehr.}
2. c4 e6 3. Nf3 b6 4. g3 Bb7 5. Bg2 Be7 6. Nc3 Ne4 7. Bd2 {***ENDE BUCH***}
Nxc3 8. Bxc3 Be4 {***ENDE BUCH***} 9. d5 Bf6 10. Qb3 (10. Rc1 O-O 11. O-O Na6
12. Qd2 Re8 13. d6 cxd6 14. Qxd6 Qe7 15. Rfd1 Qxd6 16. Rxd6 Bxc3 17. Rxc3 Nc5
18. b4 Nb7 19. Rxd7 a5 20. a3 axb4 21. axb4 Ra1+ 22. Bf1 Rea8 23. Re3 Bc6 24.
Rc7 Nd8 25. Rd3 g5 26. Nd2 b5 27. Rd6 Rd1 28. f3 f5 29. e4 Be8 30. exf5 exf5
31. Kf2 Nf7 32. Rd5 Ra2 33. Ke2 Rc1 34. c5 Rb2 35. Bh3 g4 36. Rc8 Kf8 37. fxg4
Rh1 38. Ke3 Rxb4 39. g5 Nxg5 40. Bxf5 Re1+ 41. Kd3 Nf7 42. Bd7 Ra4 43. Bxb5 Ra5
44. Bxe8 Rxe8 45. Rxe8+ Kxe8 46. Rh5 h6 47. Nc4 Ra1 48. Nb6 Rd1+ 49. Kc4 Rc1+
50. Kb5 Rb1+ 51. Kc6 Rc1 52. Kc7 Ng5 53. c6 Ne6+ 54. Kd6 Ng7 55. Ra5 Rd1+ 56.
Ke5 Re1+ 57. Kf6 Kf8 58. Ra8+ Re8 59. c7 Rxa8 60. Nxa8 Ne8+ 61. Kg6 Nd6 62. Nb6
h5 63. c8=Q+ Nxc8 64. Nxc8 Ke8 {1-0 (64) Saitek Risc 2500 normal (2247)-Saitek
Sparc (2254) Zürich 2019}) 10... O-O 11. O-O Bxc3 {Die Stellung ist
ausgeglichen.} 12. Qxc3 $2 {Auf diesem Niveau ein Fehler. Schwarz kann nun
einen Bauern erobern, wonach Weiss bestimmt nicht in der Lage sein wird,
genügend Kompensation zu erhalten.} exd5 13. cxd5 Bxd5 14. Qd3 {Nun scheitert
14...Lb7 an 15.Sg5 droht Matt auf h7 15...Dxg5 16.Lxb7} Bc6 15. Rac1 (15. e4
Re8 16. Rfe1 Bb7 17. e5 Na6 18. Qf5 g6 19. Qf4 Qe7 20. Rad1 Nc5 21. Ng5 Bxg2
22. Kxg2 a5 23. Nf3 a4 24. Re3 Ra5 25. Kg1 Rea8 26. Rc3 Ne6 27. Qe3 Qb4 28.
Rxd7 Qxb2 29. a3 c5 30. Kg2 R5a7 31. Rd2 Qb5 32. Rcd3 Re7 33. Qe4 Rae8 34. Qh4
Qc6 35. Rc2 Nc7 36. Kg1 Nd5 37. Qc4 Rd8 38. Nd4 Qa8 39. Nf3 Red7 40. Rcd2 Kg7
41. Ng5 b5 42. Qe4 c4 43. Rd4 c3 44. Rd1 Qa7 45. Qc2 Qb6 46. R4d3 Qc6 47. e6
fxe6 48. Re1 Kg8 49. Rxe6 Qc5 50. Rf3 Qc8 51. Re4 Rf8 52. Rd3 Rf5 53. Nf3 Rdf7
54. Re2 Rxf3 55. Rxd5 Qc4 56. Rd8+ Rf8 57. Rd6 Kg7 58. Qd1 R8f7 59. Rc2 h6 60.
Qd5 Qb3 61. Qe5+ Kh7 62. Rd8 R3f6 63. Qxc3 Qxc3 64. Rxc3 Rxf2 65. Rd7 Rxd7 66.
Kxf2 Rb7 67. Ke2 Kg7 68. Kd3 h5 69. Kd4 b4 70. axb4 Rxb4+ 71. Kc5 Rb2 72. Ra3
Rxh2 73. Rxa4 Kh6 74. Kd4 Rg2 75. Ra3 Kg5 76. Ra6 Rxg3 77. Ra1 h4 78. Ke4 Kh5
79. Rh1 h3 80. Kf4 Kh4 81. Ke5 g5 82. Kd4 Rg2 83. Ke4 h2 84. Kf5 g4 85. Rd1 {
0-1 (85) Saitek Risc 2500 aktiv (2247)-Saitek Sparc (2254) Zürich 2019}) 15...
Re8 16. Rfd1 Qf6 17. b4 b5 18. h4 h6 19. a3 a5 20. Qd2 axb4 21. axb4 Na6 22.
Rb1 Qe7 23. Rb3 Qe4 24. e3 Re6 {Droht ...Td6 und aus.} 25. Qb2 Qg4 26. Rd4 Qf5
27. Rf4 {Weiss hat Kompensation.} Qd5 28. Kh2 Ree8 29. Rg4 g6 30. Rd4 Qe6 31.
Rf4 Qd6 32. h5 gxh5 {In positioneller Hinsicht war 32...g5 vernünftiger,
zumal dann den gegnerischen Figuren auch die Felder h4/f4 verwehrt sind.} 33.
Nd4 Bxg2 34. Kxg2 Qg6 35. Ra3 c5 36. bxc5 b4 $2 {Das bringt Schwarz in Teufels
Küche. Ausgleich gewährt 36...Sxc5 37.Txa8 Txa8 38.Dxb5 Se6 =} 37. Ra5 {
Denn nun ist guter Rat teuer. So wird 37...Tac8 mit 38.c6 beantwortet. Und
nach 37...Tec8 macht 38.Sf5! rasch Schluss. Deshalb ist die folgende Antwort
eigentlich erzwungen.} Nc7 38. Rxa8 Rxa8 39. Nf5 {Weiss droht Se7+ und Matt.}
Nd5 {Zum Matt hätte 39..Kf8 49.Dh8+ usw. geführt. Aber etwas besser war 39...
Dg5} 40. Rf3 Qf6 41. Qb3 Ne7 $2 {Macht aus einer schlechten eine total
verlorene Stellung. Es bot sich die Alternative 41...De6 an. Der Saitek Sparc
muss die Endstellung nach der folgenden Abwicklung falsch eingeschätzt haben.}
42. Nxh6+ Qxh6 43. Qxf7+ Kh8 44. Qxe7 {Endspiel KDT-KDT} Qe6 45. Qg5 {Bis zu
dieser Stellung mag der Saitek Sparc bestimmt gerechnet haben, ohne jedoch zu
erkennen, dass Schwarz sich in höchster Mattgefahr befindet.} Qe4 {erzwungen}
46. Qxh5+ {Hier und im Folgenden gibt es bessere Züge. Aber auch mit zweit-
oder gar drittbesten Fortsetzungen bringt Weiss den vollen Punkt nach Hause.}
Kg7 47. Qf7+ Kh8 48. Qxd7 b3 49. Qd6 Kh7 {...b2 ist eine echte Drohung.} 50.
Qc7+ Kh8 51. Qb6 b2 52. Qxb2+ Kg8 53. Qf6 Rc8 54. g4 Rc6 55. Qf7+ Kh8 56. Qf8+
Kh7 57. Kh3 Rh6+ 58. Kg3 {Weiss will mit Tf7+ Matt setzen.} Qe5+ 59. Rf4 Rg6
60. Qd8 Qxc5 61. Rf7+ Rg7 62. Rxg7+ Kxg7 63. Qd4+ Qxd4 64. exd4 Kf6 {Schwarz
gibt auf} 1-0

[Event "SaitekSparc_Risc2500off"]
[Site "Zürich"]
[Date "2019.03.30"]
[Round "19"]
[White "Saitek Sparc"]
[Black "Saitek Risc 2500 offensiv"]
[Result "1-0"]
[WhiteElo "2254"]
[BlackElo "2247"]
[Annotator "KUT"]
[PlyCount "50"]
[EventDate "2019.??.??"]

1. e4 c5 {Vergleichsmatch 120'/40 der Spiel-Stile des Saitek Risc 2500 gegen
den Saitek Sparc | 19. Partie | offensiv=Niederlage, normal=Niederlage,
aktiv=Niederlage | Zwischenstand nach 19 Partien: offensiv=8,5 Pkt. (44%),
normal=8,0 Pkt. (42%), aktiv=9,5 Pkt. (50%) | Dem gewählten Eröffnungssystem
zeigt sich der Risc2500off mit Schwarz nicht gewachsen. Und so kann der stark
mit Weiss spielende Saitek Sparc dank seinen optimal entwickelten Figuren
einen tödlichen Angriff gegen den in der Brettmitte stehen gebliebenen König
entfalten. Das Resultat ist eine Kurzpartie. Übrigens ist der Saitek Risc
2500 mit dieser Eröffnung mit allen Spielstilen gescheitert.} 2. Nf3 Nc6 3. d4
cxd4 4. Nxd4 Nf6 5. Nc3 g6 6. Nxc6 bxc6 7. e5 Ng8 8. Bc4 Bg7 9. Bf4 Qa5 {
***ENDE BUCH***} 10. Qf3 {***ENDE BUCH***} Qb4 {Nur mit 10...Lxe5 kann der
weisse Aufbau auf sinnvolle Weise bekämpft werden.} (10... Bxe5 11. Bxf7+ Kxf7
12. Bxe5+ Nf6 13. Qf4 d6 (13... d5 $5) 14. Bxf6 exf6 15. O-O-O d5 16. Qd6 Qb6
17. Na4 Qb5 18. Qc7+ Kf8 19. Rhe1 Qxa4 20. Re7 Be6 21. Rxe6 Qh4 22. Qb7 Qf4+
23. Kb1 Re8 24. Rxe8+ Kxe8 25. Re1+ Kf8 26. Re7 Qd6 {1-0 (26) Saitek Sparc 
(2254)-Saitek Risc 2500 aktiv (2247) Zürich 2019}) (10... f6 11. e6 Qb4 12.
Bb3 Bh6 13. Bxh6 Nxh6 14. O-O-O Qg4 15. exd7+ Bxd7 16. Qd3 Qf4+ 17. Kb1 Bf5 18.
Qa6 Qc7 19. Ba4 Kf7 20. Bxc6 Rac8 21. Bd5+ e6 22. Bb3 Rhd8 23. h3 Qb6 24. Qxb6
Rxd1+ 25. Rxd1 axb6 26. Rd7+ Kg8 27. f3 g5 28. g4 Bg6 29. Bxe6+ Kh8 30. Rxh7+
Kxh7 31. Bxc8 Bf7 32. b3 Kg6 33. Ba6 Be8 34. Nd5 b5 35. a3 f5 36. c4 bxc4 37.
Bxc4 fxg4 38. fxg4 Nf7 39. Kb2 Ne5 40. Kc3 Kf7 41. b4 Bc6 42. Ne3+ Ke7 43. b5
Ba8 44. Be2 Ng6 45. Bf1 Kd6 46. Kd4 Nf4 47. Nc4+ Kc7 48. Ke5 Bd5 49. h4 Bg8 50.
hxg5 Ne6 51. g6 Nc5 52. Kf6 Kd8 53. Kg7 Be6 54. Kh8 Ne4 55. g7 Nf6 56. Ne5 Ng8
57. Bc4 Bxc4 58. Nxc4 Ne7 {1-0 (58) Saitek Sparc (2254)-Saitek Risc 2500
normal (2247) Zürich 2019}) 11. Bb3 Ba6 12. O-O-O {Weiss ist voll entwickelt
und hat gut stehende Figuren. Schwarz hat noch nicht rochiert, ein Springer
befindet sich noch auf der Grundlinie. Und zudem steht die schwarze Dame
ungünstig. Kurzum: deutlicher Vorteil für Weiss.} Nh6 $2 {Nur mit 12...Dxf4
13.Dxf4 Lh6 konnte Schwarz etwas im Trüben fischen. Nach dem Textzug steht
Weiss hingegen auf Gewinn.} 13. Ne4 {Nicht schlecht, aber zwingender sind a)
13.a3 Db6 14.Sa4 +- oder auch b) 13.Txd7 +-} Nf5 14. c3 Qa5 15. g4 Nh6 16. Nf6+
{Nun macht der Saitek Sparc kurzen Prozess.} Bxf6 {Auch das Schlagen mit dem
Bauern verliert.} 17. exf6 Ng8 18. fxe7 {Hier ist 18.Txd7 eine hübsche
Nebenlösung.} d5 {Nach 18...Sxe7 19.Lxf7 ist es ebenfalls aus für Schwarz.}
19. Be5 f6 20. Rhe1 Rc8 {oder ...fxe5, Df8 +-} 21. Bd4 {Schon sofortiges
Schlagen Lxf6 war möglich.} g5 22. Bxf6 Nxf6 23. Qxf6 Rg8 24. Qf5 Rh8 25. Rd3
Qc7 {Schwarz gibt auf} 1-0